000 00637nam a2200205Ii 4500
003 JO-AjNU
008 230605s9999||||xx |||||||||||||| ||und||
017 _a2007/12/3683
040 _aJO-AjNU
_bara
_erda
_cJO-AjNU
041 _aara
050 1 4 _aPJ7808.U2.A17 2008
100 3 _aتأليف أبو عبيد، نايف,
_eauthor
_949154
245 0 0 _aالأعمال الشعرية الكاملة
264 3 1 _aعمان:وزارة الثقافة،2008
300 _a339ص
336 _atext
_btxt
_2rdacontent
337 _aunmediated
_bn
_2rdamedia
338 _avolume
_bnc
_2rdacarrier
650 4 _aالشعر العربي
_949155
999 _aA21572
_c25140
_d25140